Sistema educativo e inclusión. Más allá de la integración educativa.

שמור ב:
מידע ביבליוגרפי
מחבר ראשי: Adame Chávez, Emilia (autora)
מחברים אחרים: Jacobo Cúpich, Zardel (autora), Alvarado Affantranger, Julieta Alicia (autora)
פורמט: ספר
יצא לאור: Ciudad de México, México: Trillas, 2016.
מהדורה:Primera edición
נושאים:
תגים: הוספת תג
אין תגיות, היה/י הראשונ/ה לתייג את הרשומה!

MARC

LEADER 00000nam a22000007a 4500
003 CL-VaPUC
005 20230905091833.0
008 230707t2016 ||||| |||| 00| 0 eng d
999 |c 441319  |d 441317 
020 |a 978-607-17-2778-7 
040 |c Pontificia Universidad Católica de Valparaíso 
082 |a 371.3 ADA 2016 
100 1 |a Adame Chávez, Emilia  |e autora  |9 883614 
245 1 0 |a Sistema educativo e inclusión.  |b Más allá de la integración educativa. 
250 |a Primera edición 
260 |a Ciudad de México, México:  |b Trillas,  |c 2016. 
300 |a 237 páginas. 
500 |a c.1 Donación Elizabeth Donoso. Memo Donación/2023. 
583 |c 20230707  |k Catalogador Asistente 
650 1 |a Integración escolar  |x Planeamiento  |9 884361 
650 1 |a Educación especial  |x Currícula  |9 884362 
700 |a Jacobo Cúpich, Zardel  |9 883612  |e autora 
700 |a Alvarado Affantranger, Julieta Alicia  |e autora  |9 883615 
942 |2 ddc  |c BK  |n 0 
952 |0 0  |1 0  |2 ddc  |4 0  |6 371_300000000000000_ADA_2016  |7 0  |8 A  |9 590693  |a BIBEDU  |b BIBEDU  |c GEN  |d 2023-07-07  |e Donación  |i 5657896  |l 1  |o 371.3 ADA 2016  |p 5657896  |r 2024-03-18  |s 2024-03-13  |t 1  |w 2023-07-07  |y BK  |k EDI